[Event "Tournoi Skype 015B"]
[Site "Skype"]
[Date "????.??.??"]
[Round "1.1"]
[White "Rajpurohit, Dinesh"]
[Black "Farfallini, Michel"]
[Result "1/2-1/2"]
[WhiteElo "1574"]
[BlackElo "1320"]
[PlyCount "59"]

1. c4 d5 2. cxd5 Qxd5 3. Nc3 Qa5 4. Nf3 Nf6 5. g3 Nc6 6. Bg2 e5 7. O-O Bf5 8.
d3 Bb4 9. Bd2 Nd4 10. Nxd4 exd4 11. Ne4 Bxd2 12. Nxd2 c6 13. Nb3 Qd8 14. Rc1
O-O 15. Rc4 Be6 16. Rxd4 Bxb3 17. Rxd8 Bxd1 18. Rxf8+ Kxf8 19. Rxd1 Nd7 20. d4
Nb6 21. b3 Rd8 22. a4 Nd5 23. e4 Nc3 24. Rd3 Ne2+ 25. Kf1 Nxd4 26. e5 Ke7 27.
f4 b6 28. Kf2 c5 29. Be4 g6 30. h3 1/2-1/2

[Event "Tournoi Skype 015B"]
[Site "Skype"]
[Date "????.??.??"]
[Round "1.2"]
[White "Rugman, Dan"]
[Black "Tripathi, Rajnikant"]
[Result "1-0"]
[WhiteElo "1320"]
[BlackElo "1564"]
[PlyCount "37"]

1. e4 c6 2. d4 d5 3. Nc3 dxe4 4. Nxe4 Bf5 5. Ng3 Bg6 6. h4 h6 7. h5 Bh7 8. Nf3
e6 9. Bd3 Bxd3 10. Qxd3 Nf6 11. Bd2 Nbd7 12. O-O-O Nb6 13. Ne5 Qd5 14. c4 Qd8
15. Rhe1 a5 16. c5 Nbd7 17. Ng6 fxg6 18. Qxg6+ Ke7 19. Nf5# 1-0

[Event "Tournoi Skype 015B"]
[Site "Skype"]
[Date "????.??.??"]
[Round "1.3"]
[White "Talbot, Jacques"]
[Black "Karia, Kirti"]
[Result "0-1"]
[WhiteElo "1500"]
[BlackElo "1311"]
[PlyCount "52"]

1. e4 e5 2. Nf3 Nc6 3. d4 exd4 4. Nxd4 Nf6 5. Nc3 Bb4 6. Nxc6 bxc6 7. Bd3 O-O
8. O-O Bxc3 9. bxc3 Re8 10. Re1 d5 11. e5 Ng4 12. Bf4 f6 13. exf6 Nxf6 14. Bg5
h6 15. Bh4 g5 16. Bg3 h5 17. h3 h4 18. Be5 g4 19. Bxf6 Rxe1+ 20. Qxe1 Qxf6 21.
Qe8+ Kg7 22. hxg4 Bb7 23. Qd7+ Kf8 24. Qxc7 Qxc3 25. Rb1 Bc8 26. Qxc6 Qxc6 0-1

[Event "Tournoi Skype 015B"]
[Site "Skype"]
[Date "????.??.??"]
[Round "1.5"]
[White "Lecluyse, Koenraad"]
[Black "Hernandez, George"]
[Result "0-1"]
[WhiteElo "1305"]
[BlackElo "1466"]
[PlyCount "64"]

1. d4 Nf6 2. Nf3 e6 3. e3 d5 4. Bd3 Be7 5. O-O O-O 6. c3 Nc6 7. Nbd2 Bd6 8. Re1
e5 9. e4 dxe4 10. Nxe4 Nxe4 11. Bxe4 exd4 12. Bxc6 bxc6 13. Qxd4 c5 14. Qe4 Rb8
15. b3 Bb7 16. Qg4 Qf6 17. c4 Qxa1 18. Bd2 Qb2 19. Bh6 g6 20. Bxf8 Kxf8 21. Ng5
Kg8 22. Qd7 Rf8 23. f3 Qf6 24. Ne4 Bxh2+ 25. Kxh2 Qh4+ 26. Kg1 Qxe1+ 27. Kh2
Bxe4 28. fxe4 Qh4+ 29. Kg1 Qxe4 30. Qxc7 Re8 31. Qxc5 Qe1+ 32. Kh2 Qh4+ 0-1

[Event "Tournoi Skype 015B"]
[Site "Skype"]
[Date "????.??.??"]
[Round "1.6"]
[White "De Coninck, Philippe"]
[Black "Khatanhar, Mohit"]
[Result "1-0"]
[WhiteElo "1462"]
[BlackElo "1304"]
[PlyCount "65"]

1. e4 e5 2. f4 exf4 3. Nf3 d6 4. Bc4 c6 5. O-O h6 6. d3 Be7 7. Bxf4 Be6 8. Bxe6
fxe6 9. d4 Nf6 10. Nc3 Nbd7 11. Qe2 O-O 12. e5 Nh5 13. Bd2 dxe5 14. dxe5 Nf4
15. Bxf4 Rxf4 16. Rad1 Qe8 17. Nd4 Bc5 18. Rxf4 Qg6 19. Qc4 Qg5 20. Qxe6+ Kh7
21. Rg4 Qe3+ 22. Kh1 Nxe5 23. Re4 Qf2 24. Qxe5 Rf8 25. Ree1 b6 26. Ne4 Qh4 27.
Ne6 Rg8 28. Rf1 Be3 29. Rf8 Qg4 30. Rdf1 c5 31. Rxg8 Kxg8 32. h3 Qe2 33. Qxg7#
1-0

[Event "Tournoi Skype 015B"]
[Site "Skype"]
[Date "????.??.??"]
[Round "1.7"]
[White "Vervoort, Jean-Louis"]
[Black "Briere, Jean"]
[Result "1-0"]
[WhiteElo "1304"]
[BlackElo "1455"]
[PlyCount "43"]

1. d4 d5 2. c4 e6 3. Nc3 Nf6 4. Bg5 Bb4 5. Qb3 Bxc3+ 6. bxc3 O-O 7. Nf3 h6 8.
Bxf6 Qxf6 9. cxd5 exd5 10. Qxd5 c6 11. Qe4 Bf5 12. Qf4 Re8 13. Ne5 Re6 14. e4
Bg6 15. Qe3 Na6 16. Bxa6 bxa6 17. O-O Qe7 18. f3 f6 19. Nxg6 Qe8 20. Nf4 Rd6
21. Rad1 Qe6 22. Nxe6 1-0

[Event "Tournoi Skype 015B"]
[Site "Skype"]
[Date "????.??.??"]
[Round "1.8"]
[White "Duthoit, Bernard"]
[Black "Coruble, Didier"]
[Result "0-1"]
[WhiteElo "1447"]
[BlackElo "1288"]
[PlyCount "70"]

1. e4 d6 2. d4 Nf6 3. e5 dxe5 4. dxe5 Qxd1+ 5. Kxd1 Nd5 6. Nf3 Nc6 7. Bb5 Bd7
8. Bc4 e6 9. Bxd5 exd5 10. Bf4 Be6 11. c3 h6 12. Nbd2 Be7 13. Re1 Bg4 14. h3
Bh5 15. g4 Bg6 16. e6 fxe6 17. Rxe6 Bf7 18. Re2 O-O-O 19. Ke1 g5 20. Be3 Rhf8
21. Bxa7 b6 22. b4 Rde8 23. Bxb6 cxb6 24. a4 h5 25. Kf1 hxg4 26. hxg4 Rh8 27.
Kg2 Rh7 28. Nxg5 Rg7 29. Ndf3 Bg6 30. Ne6 Rgg8 31. Kg3 Bd6+ 32. Kg2 Be4 33.
Rae1 Rxg4+ 34. Kh3 Bxf3 35. Re3 Rh8# 0-1

[Event "Tournoi Skype 015B"]
[Site "Skype"]
[Date "????.??.??"]
[Round "1.9"]
[White "Mantelli, Luca"]
[Black "Porcabeuf, Jean-Marc"]
[Result "0-1"]
[WhiteElo "1287"]
[BlackElo "1438"]
[PlyCount "92"]

1. e4 e6 2. d3 d5 3. Nd2 c5 4. Ngf3 Nd7 5. g3 Ne7 6. Bg2 d4 7. O-O Ng6 8. h4 e5
9. h5 Nf4 10. gxf4 exf4 11. Nb3 Bd6 12. Re1 f6 13. Nh2 f3 14. Qxf3 Ne5 15. Qd1
Qc7 16. f4 Nf7 17. Rf1 g6 18. c3 gxh5 19. Qxh5 Bd7 20. cxd4 O-O-O 21. Qxf7 Rdf8
22. Qh5 Be7 23. Nxc5 Be8 24. Qd1 Bd6 25. Qc2 Rhg8 26. b4 Rg6 27. e5 fxe5 28.
dxe5 Bxc5+ 29. bxc5 Bc6 30. Rf2 Rfg8 31. Kf1 Qg7 32. Bxc6 Rxc6 33. Rg2 Rg6 34.
Rxg6 Qxg6 35. Qf2 Qc6 36. d4 Qh1+ 37. Ke2 Rg2 38. Ng4 Rxg4 39. Kd3 Rg1 40. Qb2
Rd1+ 41. Kc4 Qf1+ 42. Kd5 Qf3+ 43. Ke6 Qc6+ 44. Kf5 Rh1 45. Kg5 Rg1+ 46. Kf5
Qg6# 0-1

[Event "Tournoi Skype 015B"]
[Site "Skype"]
[Date "????.??.??"]
[Round "1.10"]
[White "Le Brun, Yves"]
[Black "Picard, Mario"]
[Result "1-0"]
[WhiteElo "1437"]
[BlackElo "1282"]
[PlyCount "73"]

1. d4 d5 2. c4 e6 3. Nf3 Nf6 4. Bg5 Be7 5. Nc3 O-O 6. e3 Nbd7 7. cxd5 exd5 8.
Be2 c5 9. O-O b6 10. Rc1 Bb7 11. Qa4 a5 12. Rfd1 Ba6 13. Bxa6 Rxa6 14. Qb5 Nb8
15. dxc5 bxc5 16. Bxf6 Bxf6 17. Nxd5 Bxb2 18. Qxb2 Rd6 19. Qb3 a4 20. Qd3 Na6
21. a3 Re8 22. Qc4 Qb8 23. Rb1 Qd8 24. h4 Rde6 25. Nf4 Rd6 26. Rxd6 Qxd6 27.
Ng5 Rf8 28. Kh2 Nb8 29. Ne4 Qc6 30. Nd5 Nd7 31. Ne7+ Kh8 32. Nxc6 Nf6 33. Nd6
g6 34. Nxf7+ Rxf7 35. Qxf7 Ng4+ 36. Kg3 Nxe3 37. Rb8# 1-0

[Event "Tournoi Skype 015B"]
[Site "Skype"]
[Date "????.??.??"]
[Round "1.11"]
[White "Douichi, Mohammed"]
[Black "Ramirez Reina, Orlando"]
[Result "0-1"]
[WhiteElo "1240"]
[BlackElo "1436"]
[PlyCount "100"]

1. e3 d5 2. d4 Nf6 3. Nc3 e6 4. Bd3 Bb4 5. Nf3 Bxc3+ 6. bxc3 b6 7. O-O O-O 8.
c4 Bb7 9. Bd2 Ba6 10. Ne5 dxc4 11. Bxc4 Bxc4 12. Nxc4 c5 13. dxc5 bxc5 14. h3
Nc6 15. Nb2 Ne4 16. Bc1 Qxd1 17. Rxd1 Rfd8 18. Nd3 c4 19. Ba3 cxd3 20. f3 Nc3
21. Rxd3 Nb5 22. Rb3 Nxa3 23. Rxa3 Rd2 24. c4 Rb8 25. Rb3 Rxb3 26. axb3 g6 27.
e4 a5 28. f4 Kg7 29. e5 Rb2 30. Ra3 h5 31. Kh2 Nd4 32. Rxa5 Rxb3 33. c5 Rc3 34.
Ra6 Ne2 35. g3 Rxc5 36. Kg2 Rc3 37. Kf2 Nxg3 38. Ra5 Nf5 39. h4 Nxh4 40. Ke2
Nf5 41. Kd2 Rg3 42. Ra4 h4 43. Re4 h3 44. Re3 Rg2+ 45. Re2 Rxe2+ 46. Kxe2 h2
47. Kf3 h1=Q+ 48. Kg4 Qg1+ 49. Kf3 Qg3+ 50. Ke4 Qe3# 0-1

[Event "Tournoi Skype 015B"]
[Site "Skype"]
[Date "????.??.??"]
[Round "1.13"]
[White "Cengiz, Cem"]
[Black "Tamditi, Ibrahim"]
[Result "1-0"]
[WhiteElo "1225"]
[BlackElo "1430"]
[PlyCount "33"]

1. e4 e5 2. Nf3 Nc6 3. d4 exd4 4. Nxd4 Nxd4 5. Qxd4 d6 6. Nc3 Nf6 7. Bg5 Be7 8.
O-O-O O-O 9. Nd5 Nxd5 10. Bxe7 Nxe7 11. Rd3 Nc6 12. Qc3 Ne5 13. Rg3 Be6 14. f4
Ng6 15. f5 Bxf5 16. exf5 Ne7 17. Qxg7# 1-0

[Event "Tournoi Skype 015B"]
[Site "Skype"]
[Date "????.??.??"]
[Round "1.15"]
[White "Ruiz Gomez, Luz Alba"]
[Black "Hague, Mark"]
[Result "1/2-1/2"]
[WhiteElo "1221"]
[BlackElo "1418"]
[PlyCount "75"]

1. d4 d5 2. c4 c6 3. Nc3 e6 4. Nf3 Nf6 5. Bg5 Nbd7 6. e3 Be7 7. Bd3 dxc4 8.
Bxc4 h6 9. Bh4 O-O 10. O-O Nh7 11. Bxe7 Qxe7 12. Qd3 Ng5 13. Nxg5 Qxg5 14. Bb3
Nf6 15. Ne4 Nxe4 16. Qxe4 Qg6 17. Qxg6 fxg6 18. Bc2 g5 19. Rad1 Bd7 20. Rfe1
Rf6 21. b3 Raf8 22. f3 Be8 23. Rf1 Bh5 24. Rd2 g4 25. f4 g5 26. Rdf2 gxf4 27.
Rxf4 Rxf4 28. exf4 Kg7 29. Bd1 Rf5 30. Bc2 Rd5 31. Re1 Kf6 32. Rd1 Bg6 33. Bxg6
Kxg6 34. Kf2 Kf5 35. g3 Ke4 36. Re1+ Kxd4 37. Rxe6 h5 38. Rh6 1/2-1/2

[Event "Tournoi Skype 015B"]
[Site "Skype"]
[Date "????.??.??"]
[Round "1.16"]
[White "Bankhede, Shiv"]
[Black "Vitale, Maxi"]
[Result "1-0"]
[WhiteElo "1399"]
[BlackElo "1215"]
[PlyCount "47"]

1. d4 d5 2. Bf4 Nc6 3. e3 Nf6 4. Nf3 Bg4 5. Be2 h6 6. O-O e6 7. h3 Bxf3 8. Bxf3
Bd6 9. Bxd6 Qxd6 10. Nc3 a6 11. Re1 O-O-O 12. a3 Rhe8 13. e4 e5 14. exd5 exd4
15. dxc6 dxc3 16. cxb7+ Kb8 17. Qxd6 Rxd6 18. Rac1 Rxe1+ 19. Rxe1 c6 20. Re7
Re6 21. Rxf7 Re1+ 22. Kh2 Ne8 23. Bxc6 Nd6 24. Rf8+ 1-0

[Event "Tournoi Skype 015B"]
[Site "Skype"]
[Date "????.??.??"]
[Round "1.17"]
[White "Roohi, Khatera"]
[Black "Aceituno, Stebe"]
[Result "0-1"]
[WhiteElo "1199"]
[BlackElo "1399"]
[PlyCount "142"]

1. e4 c5 2. Nc3 e6 3. g3 Nc6 4. Bg2 Be7 5. f4 d6 6. d3 Nf6 7. h3 Qb6 8. Nge2
Nd4 9. O-O O-O 10. g4 c4 11. Nxd4 Qxd4+ 12. Kh1 cxd3 13. cxd3 h6 14. g5 hxg5
15. fxg5 Nh7 16. h4 Bd7 17. Rf3 d5 18. Be3 Qb4 19. Qe1 d4 20. Bxd4 Qxd4 21. Qg3
Qc5 22. g6 fxg6 23. Rxf8+ Rxf8 24. Qxg6 Bxh4 25. Rg1 Qe7 26. Ne2 Be8 27. Qg4
Bf2 28. Rd1 Qh4+ 29. Qxh4 Bxh4 30. e5 Ng5 31. Bxb7 Nh3 32. Rd2 Rf2 33. d4 Bg3
34. Nxg3 Rxd2 35. d5 exd5 36. e6 Nf4 37. Bc8 Kf8 38. Nf5 Re2 39. b4 Nxe6 40.
Bxe6 Rxe6 41. Kg2 Re4 42. Kf3 Rxb4 43. Ke3 Bg6 44. Nd4 Ke7 45. a3 Ra4 46. Nb5
Kd7 47. Nc3 Rxa3 48. Kd4 Rxc3 49. Kxc3 Kd6 50. Kd4 a5 51. Kc3 Kc5 52. Kb3 d4
53. Kb2 a4 54. Kc1 Kc4 55. Kb2 a3+ 56. Kc1 Kc3 57. Kd1 a2 58. Ke2 a1=Q 59. Kf3
Qf1+ 60. Kg4 Qf5+ 61. Kg3 Kd3 62. Kg2 Qd5+ 63. Kg3 Ke3 64. Kg4 Qg2+ 65. Kh4
Qe4+ 66. Kg5 Qf5+ 67. Kh4 Qf6+ 68. Kg4 Bf5+ 69. Kg3 Qg5+ 70. Kh2 Kf2 71. Kh1
Qg2# 0-1

[Event "Tournoi Skype 015B"]
[Site "Skype"]
[Date "????.??.??"]
[Round "1.18"]
[White "Guillen Andrinal, Pablo"]
[Black "Armingaud, Jean-Claude"]
[Result "1-0"]
[WhiteElo "1399"]
[BlackElo "1198"]
[PlyCount "67"]

1. e4 e5 2. Nf3 Nc6 3. d4 exd4 4. Nxd4 Bb4+ 5. Bd2 Bxd2+ 6. Qxd2 d6 7. Bb5 Nge7
8. O-O a6 9. Be2 b5 10. Nc3 Bb7 11. Nd5 O-O 12. Nf3 Ne5 13. Nxe7+ Qxe7 14. Nxe5
Qxe5 15. f3 Qxb2 16. Rfd1 Qf6 17. Kf2 Qh4+ 18. Kg1 Qg5 19. Qxg5 f6 20. Qd2 Rad8
21. Rac1 f5 22. c4 fxe4 23. fxe4 Bxe4 24. cxb5 axb5 25. Rxc7 Rf5 26. Qc3 Rg5
27. Bf1 Rf8 28. Qe1 Bf3 29. Qe6+ Kh8 30. Re1 Rg6 31. Qe7 Rgf6 32. gxf3 h6 33.
Bg2 Rf4 34. Qxg7# 1-0

[Event "Tournoi Skype 015B"]
[Site "Skype"]
[Date "????.??.??"]
[Round "1.19"]
[White "Alverson, Ginny"]
[Black "Heidari, Hadi"]
[Result "0-1"]
[WhiteElo "1193"]
[BlackElo "1399"]
[PlyCount "94"]

1. Nf3 d5 2. d4 c6 3. e3 e6 4. Bd3 Nf6 5. O-O Nbd7 6. Nbd2 Bd6 7. c4 Qc7 8. c5
Be7 9. b4 O-O 10. Bb2 b6 11. Nb3 a5 12. bxa5 bxc5 13. dxc5 Nxc5 14. Be5 Qa7 15.
Nfd4 Nfd7 16. Nxc6 Qb7 17. Nxc5 Bxc5 18. Qa4 Nb6 19. Qh4 h6 20. axb6 Qxc6 21.
Rfb1 Bxb6 22. Rb4 Bd8 23. Qg3 f6 24. Qg6 Rf7 25. Qh7+ Kf8 26. Rg4 fxe5 27. Bg6
Rxa2 28. Qh8+ Ke7 29. Rf1 Qe8 30. Qh7 Qf8 31. Bxf7 Kxf7 32. Qg6+ Ke7 33. f3 Qf6
34. Qxg7+ Qxg7 35. Rxg7+ Kd6 36. Rg8 Kc7 37. Rg7+ Bd7 38. g4 Bg5 39. h4 Bxh4
40. Rc1+ Kd6 41. Rf1 Re2 42. e4 dxe4 43. fxe4 Rxe4 44. Rgf7 Rxg4+ 45. Kh2 Bg5
46. Rd1+ Rd4 47. Re1 e4 0-1

[Event "Tournoi Skype 015B"]
[Site "Skype"]
[Date "????.??.??"]
[Round "1.21"]
[White "Sepulveda, Lyda Marcela"]
[Black "Moumtaz, Abderrahim"]
[Result "1-0"]
[WhiteElo "1183"]
[BlackElo "1399"]
[PlyCount "95"]

1. e4 e5 2. Nf3 Nf6 3. Nc3 Bb4 4. Nxe5 d6 5. Nf3 O-O 6. Bc4 Nxe4 7. Nd5 c6 8.
Nxb4 d5 9. Bb3 Re8 10. O-O Nf6 11. d4 Bg4 12. Bg5 Qd7 13. Bxf6 Re6 14. Be5 Na6
15. Nd2 Bxd1 16. Nd3 Bg4 17. Rfe1 Bf5 18. Nf4 Rh6 19. Nf3 Bg4 20. Ng5 f6 21.
Nxd5 cxd5 22. h3 Bh5 23. h4 fxg5 24. hxg5 Rg6 25. Bf4 Nc7 26. Re5 Re6 27. Rae1
Bg4 28. c3 Rae8 29. Bc2 Rf8 30. Bg3 Nb5 31. g6 hxg6 32. f3 Bh5 33. Rxe6 Nc7 34.
Re7 Qd8 35. Bxc7 Qc8 36. Bb3 Qf5 37. R1e5 Qf4 38. Bxd5+ Kh7 39. Rxh5+ gxh5 40.
Bxf4 Rxf4 41. Rxb7 a5 42. a4 Rf5 43. Be4 Kg6 44. Bxf5+ Kxf5 45. Re7 Kf6 46. Re4
g5 47. d5 Kf5 48. d6 1-0

[Event "Tournoi Skype 015B"]
[Site "Skype"]
[Date "????.??.??"]
[Round "1.22"]
[White "Rivas, Jonathan"]
[Black "Melin, Christiane"]
[Result "1-0"]
[WhiteElo "1399"]
[BlackElo "1174"]
[PlyCount "39"]

1. e4 d6 2. Nf3 Nf6 3. Nc3 g6 4. d4 Bg7 5. Be3 O-O 6. Qd2 c6 7. Bh6 b5 8. Bxg7
Kxg7 9. Bd3 b4 10. Ne2 Ba6 11. e5 Nbd7 12. Bxa6 Nc5 13. exf6+ exf6 14. dxc5
dxc5 15. Qxd8 Raxd8 16. Rd1 c4 17. Bxc4 Rde8 18. Rd2 Re4 19. Bd3 Rd8 20. Bxe4
1-0

[Event "Tournoi Skype 015B"]
[Site "Skype"]
[Date "????.??.??"]
[Round "1.23"]
[White "Lemoine, Gerard"]
[Black "Milanese, Serge"]
[Result "0-1"]
[WhiteElo "1170"]
[BlackElo "1397"]
[PlyCount "56"]

1. d4 d5 2. e3 Nf6 3. Bd3 g6 4. f4 Bg7 5. c3 c6 6. Nf3 Nbd7 7. O-O O-O 8. Ne5
Nxe5 9. fxe5 Ng4 10. e4 f6 11. Nd2 Ne3 12. Qe1 Nxf1 13. Nxf1 fxe5 14. Qh4 exd4
15. Bh6 Bf6 16. Qf4 e5 17. Qd2 dxc3 18. Qxc3 Bg7 19. Bxg7 Qb6+ 20. Kh1 d4 21.
Bc4+ Kxg7 22. Qc2 c5 23. Nd2 Rf2 24. b3 Qf6 25. Kg1 Bh3 26. Bf1 Qf4 27. Rd1 Qe3
28. Qb2 Rxg2+ 0-1

[Event "Tournoi Skype 015B"]
[Site "Skype"]
[Date "????.??.??"]
[Round "1.24"]
[White "Sauvaget, Joel"]
[Black "Martin, Elise"]
[Result "1-0"]
[WhiteElo "1396"]
[BlackElo "1130"]
[PlyCount "31"]

1. d4 d5 2. Nf3 Nf6 3. e3 e6 4. Bd3 Nc6 5. O-O Bd6 6. h3 O-O 7. Re1 Nh5 8. c3
Ne7 9. Ng5 Nf6 10. Qc2 c5 11. Nxh7 Nxh7 12. Bxh7+ Kh8 13. Bd3 Qc7 14. Qe2 cxd4
15. Qh5+ Kg8 16. Qh7# 1-0

[Event "Tournoi Skype 015B"]
[Site "Skype"]
[Date "????.??.??"]
[Round "1.25"]
[White "Bustos, Ricardo"]
[Black "Vincent, Andre"]
[Result "1/2-1/2"]
[WhiteElo "1120"]
[BlackElo "1386"]
[PlyCount "89"]

1. d4 d5 2. c4 e6 3. Nc3 Nf6 4. Bg5 Be7 5. Nf3 O-O 6. e3 Nbd7 7. cxd5 exd5 8.
Be2 c6 9. O-O h6 10. Bh4 b6 11. Qc2 Bb7 12. a3 Rc8 13. b4 Qc7 14. Bg3 Bd6 15.
Bxd6 Qxd6 16. Bd3 Rfe8 17. Rfe1 a6 18. Rac1 Re7 19. e4 dxe4 20. Nxe4 Nxe4 21.
Rxe4 Rxe4 22. Bxe4 Nf6 23. Bf5 Re8 24. Qd2 b5 25. Re1 Rxe1+ 26. Qxe1 Qf4 27.
Qb1 g6 28. Bd3 Bc8 29. Qd1 Bf5 30. Bxf5 Qxf5 31. Nh4 Qg4 32. Qxg4 Nxg4 33. h3
Nf6 34. f3 Nd5 35. g3 Nc3 36. Kf1 Nb1 37. Ke2 Nxa3 38. Kd3 Kf8 39. Ng2 Nc4 40.
Nf4 Nd6 41. h4 Ke8 42. Nh3 Nf5 43. g4 Nxh4 44. Ke3 Kd7 45. Nf4 1/2-1/2

[Event "Tournoi Skype 015B"]
[Site "Skype"]
[Date "????.??.??"]
[Round "1.26"]
[White "Perrone, Gabriel Lorenzo"]
[Black "Coude, Josue"]
[Result "1-0"]
[WhiteElo "1385"]
[BlackElo "1081"]
[PlyCount "75"]

1. f4 d5 2. b3 Nf6 3. e3 Bg4 4. Nf3 e6 5. Be2 Bc5 6. O-O O-O 7. Bb2 Nbd7 8. d3
Qe7 9. Kh1 Bxe3 10. Ne5 Nxe5 11. Bxe5 Bxe2 12. Qxe2 c5 13. Qxe3 d4 14. Qg3 Kh8
15. Nd2 b6 16. Ne4 Rg8 17. Qh4 Qf8 18. Nxf6 gxf6 19. Bxf6+ Rg7 20. Rf3 Kg8 21.
Bxg7 Qxg7 22. Rg3 Qxg3 23. Qxg3+ Kf8 24. Rf1 f5 25. Qg5 Kf7 26. Qh5+ Kf6 27.
Qh6+ Kf7 28. Qxh7+ Kf6 29. Rf3 Rf8 30. Rg3 Rf7 31. Qh8+ Ke7 32. Rg7 Rxg7 33.
Qxg7+ Kd6 34. h4 Kd5 35. Qe5+ Kc6 36. Qxe6+ Kc7 37. h5 c4 38. Qxc4+ 1-0

[Event "Tournoi Skype 015B"]
[Site "Skype"]
[Date "????.??.??"]
[Round "1.27"]
[White "Rival, Jocelyn"]
[Black "Hargez, Dany"]
[Result "0-1"]
[WhiteElo "1077"]
[BlackElo "1369"]
[PlyCount "54"]

1. c4 e5 2. Nc3 Nf6 3. g3 Bb4 4. Bg2 Bxc3 5. bxc3 O-O 6. Nf3 e4 7. Nd4 b6 8.
Qc2 Re8 9. d3 Bb7 10. Bg5 d5 11. O-O Qd6 12. Nb5 Qe5 13. Nxc7 Qxc7 14. dxe4
dxe4 15. Rfd1 Qe5 16. f4 Qc5+ 17. Rd4 Nc6 18. Qd2 Nxd4 19. cxd4 Qxc4 20. Rb1
Rad8 21. e3 Qe6 22. Qc2 Rc8 23. Qa4 h6 24. Bxf6 Qxf6 25. Qxa7 Qc6 26. h3 Ra8
27. Qa3 Rxa3 0-1

[Event "Tournoi Skype 015B"]
[Site "Skype"]
[Date "????.??.??"]
[Round "1.28"]
[White "Kayali, Furkan"]
[Black "Baker, Abi"]
[Result "1-0"]
[WhiteElo "1367"]
[BlackElo "1072"]
[PlyCount "85"]

1. e4 e6 2. d4 d5 3. e5 c5 4. c3 Nc6 5. Qa4 b5 6. Qxb5 Bd7 7. Qa4 Be7 8. Qc2 f6
9. b3 fxe5 10. Nf3 c4 11. Nxe5 Nxe5 12. dxe5 Qc7 13. Bf4 g5 14. Bg3 h5 15. h4
g4 16. Bf4 Nh6 17. Qg6+ Nf7 18. bxc4 dxc4 19. Nd2 Qa5 20. Rd1 Qxc3 21. Bxc4 Rb8
22. Bxe6 Rf8 23. Bxf7+ Kd8 24. Bh6 Qxe5+ 25. Ne4 Qa5+ 26. Kf1 Qb5+ 27. Kg1 Rb6
28. Be6 Qa4 29. Rxd7+ Qxd7 30. Bxd7 Rxg6 31. Bxf8 Kxd7 32. Bxe7 Kxe7 33. Kh2
Re6 34. f3 gxf3 35. gxf3 Re5 36. Rb1 a5 37. Rb7+ Ke6 38. Ng5+ Kf5 39. Rf7+ Kg6
40. f4 Re2+ 41. Kg3 Rxa2 42. f5+ Kh6 43. Rh7# 1-0

[Event "Tournoi Skype 015B"]
[Site "Skype"]
[Date "????.??.??"]
[Round "1.29"]
[White "Gagnon, Sindy"]
[Black "Gharbi, Said"]
[Result "0-1"]
[WhiteElo "1049"]
[BlackElo "1365"]
[PlyCount "38"]

1. e4 e5 2. Nf3 Nf6 3. Nxe5 d6 4. Nf3 Nxe4 5. Qe2 Bf5 6. d3 d5 7. Bg5 Be7 8.
Bf4 Nc5 9. d4 Ne6 10. Qd2 O-O 11. Be2 Nxf4 12. Qxf4 Bxc2 13. Nc3 Bd6 14. Qc1
Be4 15. O-O Re8 16. Bb5 c6 17. Ba4 Bxf3 18. gxf3 Qh4 19. Ne2 Qxh2# 0-1

[Event "Tournoi Skype 015B"]
[Site "Skype"]
[Date "????.??.??"]
[Round "1.30"]
[White "Gerbaux, Regis"]
[Black "Talbot, Jean"]
[Result "1-0"]
[WhiteElo "1364"]
[BlackElo "1041"]
[PlyCount "33"]

1. e4 e5 2. f4 exf4 3. Nf3 Nc6 4. h4 Nf6 5. d3 Bd6 6. Nc3 O-O 7. Nb5 Bc5 8.
Bxf4 d6 9. Qd2 Re8 10. Nc3 Nh5 11. O-O-O Qf6 12. Nd5 Qd8 13. Be2 Nxf4 14. Qxf4
Nd4 15. Nxd4 Bxd4 16. Bh5 Be5 17. Qxf7+ 1-0

[Event "Tournoi Skype 015B"]
[Site "Skype"]
[Date "????.??.??"]
[Round "1.31"]
[White "Nalbant, Atakan"]
[Black "Farthouat, Titoine"]
[Result "0-1"]
[WhiteElo "1040"]
[BlackElo "1357"]
[PlyCount "90"]

1. e4 e5 2. Nf3 Nc6 3. d4 exd4 4. Nxd4 Nxd4 5. Qxd4 Nf6 6. Bc4 Bb4+ 7. Nc3 Qe7
8. O-O Bxc3 9. Qxc3 Nxe4 10. Qe3 O-O 11. Re1 Re8 12. Bd3 d5 13. b3 Bf5 14. c4
c6 15. f3 Qe5 16. Rb1 d4 17. Qe2 Nc3 18. Qxe5 Rxe5 19. Rxe5 Nxb1 20. Bxf5 Nc3
21. Bb2 Rd8 22. Bxc3 dxc3 23. a4 f6 24. Re3 Rd1+ 25. Kf2 Rd2+ 26. Ke1 Rxg2 27.
h3 c2 28. Rc3 Rg1+ 29. Kd2 Rg2+ 30. Kc1 Rg1+ 31. Kxc2 g6 32. Be6+ Kf8 33. c5 f5
34. f4 Rg2+ 35. Kd1 Rf2 36. Rc4 Rf3 37. Rb4 Rxh3 38. Rxb7 h5 39. Rb8+ Ke7 40.
Rb7+ Kf6 41. Bc4 Rh1+ 42. Kd2 Rh2+ 43. Kc3 h4 44. Bd3 Rh1 45. Be4 fxe4 0-1

[Event "Tournoi Skype 015B"]
[Site "Skype"]
[Date "????.??.??"]
[Round "1.32"]
[White "Martin, Jean-Claude"]
[Black "Farthouat, Catherine"]
[Result "0-1"]
[WhiteElo "1340"]
[BlackElo "1039"]
[PlyCount "116"]

1. d4 Nf6 2. c4 g6 3. Nc3 Bg7 4. Nf3 O-O 5. e4 e6 6. e5 Ng4 7. h3 Nh6 8. Bxh6
Bxh6 9. Bd3 Nc6 10. O-O a6 11. d5 exd5 12. cxd5 Nb4 13. Bc4 b5 14. a3 bxc4 15.
axb4 Re8 16. Re1 Rb8 17. Qa4 Bf8 18. b5 axb5 19. Nxb5 c6 20. dxc6 dxc6 21. Nbd4
c5 22. Nc6 Bd7 23. Nxd8 Bxa4 24. Rxa4 Rexd8 25. Rxc4 Rxb2 26. Ng5 Rdd2 27. Ne4
Rd4 28. Rxd4 cxd4 29. Rd1 Rb4 30. Kf1 Bg7 31. Ke2 Bxe5 32. Rd3 f5 33. Ng5 h6
34. Ne6 Rb2+ 35. Rd2 Rb4 36. Rd3 Kf7 37. Nd8+ Kf6 38. Nc6 Rc4 39. Nxe5 Kxe5 40.
f3 Rc2+ 41. Rd2 Rxd2+ 42. Kxd2 h5 43. g3 g5 44. Kd3 g4 45. f4+ Kd5 46. hxg4
hxg4 47. Ke2 Kc4 48. Kd2 d3 49. Ke1 Kc3 50. Kf1 Kc2 51. Kg2 d2 52. Kg1 d1=Q+
53. Kh2 Qe2+ 54. Kh1 Kd3 55. Kg1 Ke3 56. Kh1 Kf3 57. Kg1 Kxg3 58. Kh1 Qf1# 0-1

[Event "Tournoi Skype 015B"]
[Site "Skype"]
[Date "????.??.??"]
[Round "1.33"]
[White "Kruk, Clementine"]
[Black "Capdeville, Jean"]
[Result "1-0"]
[WhiteElo "1035"]
[BlackElo "1330"]
[PlyCount "65"]

1. e4 e5 2. Nf3 d6 3. h3 Nd7 4. Bc4 Be7 5. Nc3 Ngf6 6. d3 h6 7. Be3 c6 8. Bb3
O-O 9. O-O a6 10. d4 b5 11. a3 Bb7 12. d5 c5 13. Ba2 Re8 14. Rb1 Qb6 15. b4 a5
16. bxc5 dxc5 17. Rxb5 Qa7 18. Qb1 Reb8 19. Rd1 Ba6 20. Rb3 Bc4 21. Rb2 Bxa2
22. Qxa2 Rxb2 23. Qxb2 Rb8 24. Qa2 Rb7 25. d6 Bf8 26. Nd5 Nxd5 27. Rxd5 Nf6 28.
Bxc5 Qa6 29. Rxe5 Bxd6 30. Rf5 Re7 31. e5 Bxc5 32. exf6 Qb6 33. fxe7 1-0

[Event "Tournoi Skype 015B"]
[Site "Skype"]
[Date "????.??.??"]
[Round "1.34"]
[White "Vello, Pablo"]
[Black "Marty, Yvette"]
[Result "1-0"]
[WhiteElo "1324"]
[BlackElo "1000"]
[PlyCount "39"]

1. e4 e5 2. Nf3 Nc6 3. Bc4 Nf6 4. Nc3 Bb4 5. d3 Bxc3+ 6. bxc3 O-O 7. Ba3 Ng4 8.
Bxf8 Qxf8 9. h3 Nh6 10. d4 d6 11. dxe5 dxe5 12. O-O b6 13. Qd5 Bb7 14. Nxe5 Rb8
15. Nxc6 Bxc6 16. Qxc6 Qd8 17. Rfd1 Qc8 18. Rd7 Qe8 19. Rad1 a5 20. Qxc7 1-0

[Event "Tournoi Skype 015B"]
[Site "Skype"]
[Date "????.??.??"]
[Round "2.2"]
[White "Hargez, Dany"]
[Black "De Coninck, Philippe"]
[Result "0-1"]
[WhiteElo "1369"]
[BlackElo "1462"]
[PlyCount "76"]

1. e4 e5 2. Nf3 Nf6 3. Nxe5 d6 4. Nf3 Nxe4 5. Bd3 d5 6. Bb5+ c6 7. Ba4 Be7 8.
d3 Nf6 9. O-O O-O 10. Bg5 h6 11. Bf4 c5 12. Qd2 b5 13. Bxb5 Qb6 14. Nc3 d4 15.
Nd5 Nxd5 16. Bc4 Nf6 17. Rfe1 Re8 18. c3 Bb7 19. Ne5 Bd5 20. Nf3 Bxf3 21. Be5
Nbd7 22. gxf3 Nxe5 23. Rxe5 Bd6 24. Ree1 Qc7 25. Kg2 Bxh2 26. Rh1 Bf4 27. Qc2
Re5 28. Qb3 Rf8 29. Rh3 Rg5+ 30. Kh1 Qd7 31. Be6 Qc6 32. Rg1 Rxg1+ 33. Kxg1
fxe6 34. Qd1 e5 35. Kh1 Ng4 36. Qg1 h5 37. Rxh5 Qxf3+ 38. Qg2 Nxf2+ 0-1

[Event "Tournoi Skype 015B"]
[Site "Skype"]
[Date "????.??.??"]
[Round "2.3"]
[White "Porcabeuf, Jean-Marc"]
[Black "Gerbaux, Regis"]
[Result "1-0"]
[WhiteElo "1438"]
[BlackElo "1364"]
[PlyCount "51"]

1. d4 Nf6 2. c4 g6 3. Nf3 Bg7 4. Nc3 O-O 5. Bf4 Nc6 6. e3 d5 7. h3 b6 8. Bd3
Ba6 9. b3 Nb4 10. O-O c5 11. Bb1 dxc4 12. a3 cxb3 13. axb4 Bxf1 14. Kxf1 Nd5
15. Nxd5 Qxd5 16. e4 Qc4+ 17. Bd3 Qxb4 18. Rb1 c4 19. Bd2 Qa4 20. Ra1 Qb5 21.
Be2 Bxd4 22. Nxd4 Qe5 23. Bc3 Rfd8 24. Bxc4 Rac8 25. Qxb3 Qxe4 26. Bxf7+ 1-0